LEADER 00950nam0-2200337---450- 001 990009341930403321 005 20110412142022.0 035 $a000934193 035 $aFED01000934193 035 $a(Aleph)000934193FED01 035 $a000934193 100 $a20110412d1956----km-y0itay50------ba 101 0 $aita 102 $aIT 105 $aa-------001yb 200 1 $aRodolfo Graziani$fTitta Madia, Emilio Faldella 210 $aRoma$cL'Aniene Editrice$d1956 215 $a456 p.$cill.$d31 cm 300 $aSul. frontespizio : L'uomo / Titta Madia ; il Soldato / Emilio Faldella 610 0 $aGraziani, Rodolfo 676 $a923 676 $a945.0915092 700 1$aMadia,$bTitta$0324530 701 1$aFaldella,$bEmilio$0173247 801 0$aIT$bUNINA$gRICA$2UNIMARC 901 $aBK 912 $a990009341930403321 952 $a923 GRA 1$b60858 bibl.$fFLFBC 959 $aFLFBC 996 $aRodolfo Graziani$9767010 997 $aUNINA LEADER 01382nam 2200361Ia 450 001 996393900703316 005 20200824132738.0 035 $a(CKB)4940000000116219 035 $a(EEBO)2240934738 035 $a(OCoLC)ocm11875690e 035 $a(OCoLC)11875690 035 $a(EXLCZ)994940000000116219 100 $a19850402d1649 uy | 101 0 $aeng 135 $aurbn||||a|bb| 200 13$aAn exposition with practicall observations continued upon the eighth, ninth, and tenth chapters of the book of Job$b[electronic resource] $ebeing the summe of thirty two lectures delivered at Magnus neer the Bridge, London /$fby Joseph Caryl .. 210 $aLondon $cPrinted by E. Griffin for Luke Fawne and J. Rothwell ... and Giles Calvert ...$d1649 215 $a[4], 587, [17] p 300 $aIncludes index. 300 $aImperfect: pages stained. 300 $aReproduction of original in the Union Theological Seminary Library. 330 $aeebo-0160 606 $aSermons, English$y17th century 615 0$aSermons, English 700 $aCaryl$b Joseph$f1602-1673.$01003625 801 0$bEAE 801 1$bEAE 801 2$bUMI 801 2$bWaOLN 906 $aBOOK 912 $a996393900703316 996 $aAn exposition with practicall observations continued upon the eighth, ninth and tenth chapters of the book of Job$92369368 997 $aUNISA LEADER 01002nam 2200349 450 001 9910688421503321 005 20230629154719.0 035 $a(CKB)5400000000040554 035 $a(NjHacI)995400000000040554 035 $a(EXLCZ)995400000000040554 100 $a20230629d2020 uy 0 101 0 $aeng 135 $aur||||||||||| 181 $ctxt$2rdacontent 182 $cc$2rdamedia 183 $acr$2rdacarrier 200 00$aNanogenerators /$fedited by Sang Jae Kim, Arunkumar Chandrasekhar, Nagamalleswara Rao Alluri 210 1$aLondon :$cIntechOpen,$d2020. 215 $a1 online resource (93 pages) 311 $a1-83881-061-7 606 $aEnergy conversion 615 0$aEnergy conversion. 676 $a621.042 702 $aKim$b Sang Jae 702 $aChandrasekhar$b Arunkumar 702 $aAlluri$b Nagamalleswara Rao 801 0$bNjHacI 801 1$bNjHacl 906 $aBOOK 912 $a9910688421503321 996 $aNanogenerators$91944343 997 $aUNINA